Ranas, Salamandras y Caecilias (<Tetrapoda: Amphibia>) de Colombia (Registro nro. 15333)

Detalles MARC
000 -CABECERA
Campo de control 003280000a22001090004500
090 ## - CLASIFICACIÓN LOCAL
Colección AS
Consecutivo Seriadas
041 0# - IDIOMA
Código de idioma para texto/pista de sonido o título separado
100 1# - ASIENTO PRINCIPAL--NOMBRE PERSONAL
Nombre personal Acosta Galvis, Andrés Rymel
245 10 - MENCION DE TITULO
Título Ranas, Salamandras y Caecilias (<Tetrapoda: Amphibia>) de Colombia
773 1# - Item fuente:
Título Biota Colombiana
Especificación de materiales 1061
Descripción física 3
Paginas del Articulo 289-319
Lugar, editorial y fecha de publicación 2000
Información sobre la relación 1
942 ## - ELEMENTOS ADICIONALES (KOHA)
Tipo de ítem Artículo

No hay ítems disponibles.